Normal view MARC view
  • México

Entry Nombre Geográfico

Number of records used in: 4

001 - NÚMERO DE CONTROL

  • campo de control: 20027

003 - IDENTIFICADOR DE NUMERO DE CONTROL

  • campo de control: UPN

005 - FECHA Y HORA DE LA ÜLTIMA TRANSACCIÓN

  • campo de control: 20220921191947.0

008 - DATOS DE LONGITUD FIJA

  • campo de control de longitud fija: 220921nn acannaabn n ana d

035 ## - NÚMERO DE CONTROL

  • Número de control: UPN10000020036

040 ## - FUENTE DE CATALOGACIÓN

  • Lenguaje de catalogación: SPA
  • Agencia de transcripción: UPN
  • Agencia de catalogación original: UPN

151 ## - ENCABEZAMIENTO - NOMBRE GEOGRÁFICO

  • Nombre geográfico: México
  • Subdivisión general : Historia
  • Subdivisión cronológica : Conquista, 1519-1540 -
  • Subdivisión de forma: Novela

670 ## - FUENTE EN LA QUE SE LOCALIZARON DATOS

  • Cita de la fuente: LC
  • Información localizada: Mexico - History - Conquest, 1519-1540 - Fiction

902 ## - CATALOGADOR

  • Catalogador: BDV/270212